Statistics for Top 100 Biggest Cities in New York

Click here to take the quiz!

General Stats

  • This quiz has been taken 102 times
  • The average score is 24 of 100

Answer Stats

Population City % Correct
8,175,133New York City
100%
97,856Albany
99%
261,310Buffalo
97%
145,170Syracuse
93%
210,565Rochester
90%
195,976Yonkers
88%
62,235Utica
72%
30,014Ithaca
66%
50,193Niagara Falls
62%
47,376Binghamton
62%
66,135Schenectady
60%
56,853White Plains
59%
32,736Poughkeepsie
59%
77,062New Rochelle
57%
27,023Watertown
53%
50,129Troy
49%
31,146Jamestown
49%
33,725Rome
46%
53,891Hempstead
46%
28,866Newburgh
46%
67,292Mount Vernon
43%
23,893Kingston
40%
29,200Elmira
37%
18,142Oswego
35%
19,989Plattsburgh
34%
26,586Saratoga Springs
34%
19,204Cortland
32%
27,687Auburn
26%
23,583Peekskill
24%
58,144Tonawanda
24%
21,165Lockport
22%
28,086Middletown
22%
51,692Irondequoit
21%
22,371Garden City
21%
75,178Cheektowaga
19%
33,559New City
19%
33,275Long Beach
19%
18,689Islip
19%
42,860Freeport
19%
24,023Rockville Centre
16%
28,967Port Chester
16%
41,547Hicksville
16%
27,472Harrison
16%
31,568North Tonawanda
16%
18,799Mineola
16%
18,620Amsterdam
16%
60,664Brentwood
15%
37,511Valley Stream
15%
26,470Smithtown
15%
44,711West Seneca
13%
25,060Ossining
13%
36,124Commack
13%
18,141Lackawanna
13%
24,033Baldwin
12%
21,685Massapequa
12%
20,652Rotterdam
12%
51,881Levittown
12%
33,198Elmont
10%
26,964Glen Cove
10%
20,882Hauppauge
10%
22,097Merrick
10%
33,029Huntington Station
10%
18,862West Hempstead
9%
31,347Spring Valley
9%
18,929Mamaroneck
9%
24,759Uniondale
9%
26,217Plainview
9%
26,337Bay Shore
9%
19,554Eastchester
9%
32,109Oceanside
7%
18,871Wantagh
7%
19,082Ronkonkoma
7%
27,854Shirley
7%
27,253Lindenhurst
7%
18,829Syosset
6%
18,985Melville
6%
36,609Brighton
6%
31,578Centereach
6%
19,427Lynbrook
6%
27,195Holbrook
6%
26,892Dix Hills
6%
20,175Kiryas Joel
6%
38,132East Meadow
6%
27,745Deer Park
6%
34,450Central Islip
6%
28,335West Islip
6%
19,941North Bellmore
4%
29,320Franklin Square
4%
43,213West Babylon
4%
24,142Medford
4%
20,217East Northport
4%
39,113Coram
4%
20,155Lake Ronkonkoma
4%
19,851Selden
3%
18,944North Bay Shore
3%
22,469East Patchogue
3%
18,412Monsey
3%
19,714Holtsville
3%
22,993Copiague
3%
19,069East Massapequa
1%

Score Distribution

Percentile by Number Answered

Percent of People with Each Score

Your Score History

You have not taken this quiz